000 02687cam a22005174i 4500
003 PE-LiUPU
005 20250731175632.0
008 150507s2007 sp rb 000 0 spa d
020 _a9788499589725
035 _a(Sirsi) i9788499589725
040 _aESUDE
_bspa
_cESUDE
_dBNM
_dPE-LiUPU
_erda
049 _aPRUA
080 _a37.02:811.134.2'36
080 _a811.134.2'36:37.02
082 0 4 _a460.7
_bV59
_221
100 1 _aVicente Mateu, Juan Antonio,
_eautor.
245 1 0 _aEnseñar y aprender lengua :
_b un enfoque comunicativo de la didáctica de la gramática /
_cJuan Antonio Vicente Mateu, Pedro Andrés Vicente Ruiz.
264 1 _aMadrid :
_bEditorial Sintesis,
_c[2013].
300 _a212 páginas ;
_c25 centímetros
336 _atext
_2rdacontent
337 _aunmediated
_2rdamedia
338 _avolume
_2rdacarrier
490 1 _aEducar, instruir
504 _aBibliografía : páginas 209-2012.
505 0 _aAcción comunicativa: lenguaje, funciones y competencias -- Aprendizaje dialógico --Tareas modelizadas -- Competencia simiótico-intertextual -- Producción cultural en una escuela del sujeto -- Gramática de la ortografía, la puntuación y la entonación --Gramática del género -- Gramática de los extranjerismos -- Gramática de la sintaxis: tópico y foco -- Gramática del texto -- Gramática de la manipulación semática -- Gramática de las relaciones interpersonales.
526 _aP145
526 _aP127
526 _aP97
526 _aP35
526 _aP14
526 _aP07
541 _g001-002618;
650 7 _aLengua española
_xDidáctica.
_2embne
650 0 4 _aGramática.
_91178
650 0 4 _aLenguaje y lenguas
_xEnseñanza.
700 1 _aVicente Ruiz, Pedro Andrés,
_eautor.
910 _arlm
_bjck
_crlm
_d20150511
942 _2ddc
_cBOOK
949 _a460.7 V59
_wDEWEY
_c1
_i70963
_lCCODEBUL1
_mBUL
_p33.36
_r0
_sY
_tBOOK
_u2015-5-11
_xEDUCACION
_PP20
_0COMPRA
_o.STAFF. Colección General
949 _a418.007 V59 2013
_wDEWEY
_c1
_iFJ05430
_lCCODEBUJ1
_mBUJ
_p33.50
_r0
_sY
_tBOOK
_u2016-07-08
_xEDUCACIÓN
_PP14
_o.STAFF -- Colección General Juliaca
994 _aC0
_bPEPRU
596 _a1 3
999 _a460.7 V59
_wDEWEY
_c38504
_i70963
_d38504
_e2018-11-2
_f2021-11-8
_g5
_lCCODEBUL1
_mBUL
_n3
_p33.36
_q2
_r0
_sY
_tBOOK
_u2015-5-11
_xEDUCACION
_PP20
_0COMPRA
_o.STAFF. Colección General
999 _a418.007 V59 2013
_wDEWEY
_c1
_iFJ05430
_d2019-9-12
_e2017-9-13
_f2022-1-19
_g3
_lCCODEBUJ1
_mBUJ
_n1
_p33.50
_q3
_r0
_sY
_tBOOK
_u2017-1-16
_xEDUCACION
_PP14
_0COMPRA
_o.STAFF. Colección General Juliaca
980 _81
_gALBERTO SANCHEZ Responsable de Automatización